| 000 | 01143nam0a22002411 4500 | ||
|---|---|---|---|
| 001 | rc\4717970 | ||
| 005 | 20260408002250.0 | ||
| 021 |
_aRU _bРг6571-64 |
||
| 035 | _a(NLR Aleph) 008439921 | ||
| 090 |
_a9471431 _c9471431 |
||
| 100 | _a20130416d1964 |||y0rusy50 ca | ||
| 101 | 0 | _arus | |
| 102 | _aRU | ||
| 105 | _ay z ||||| | ||
| 200 | 1 |
_aЕдиные нормы времени и выработки на обработку и уборку рыбы и рыбной продукции для предприятий рыбной промышленности Западного бассейна _e[Утв. 13/II 1964 г.] _fГл. упр. рыбной пром-сти. Зап. бассейна "Запрыба". Сектор техн. информации ЦПКТБ ГУ "Запрыба" |
|
| 210 |
_aРига _cБ. и. _d1964 |
||
| 215 |
_a203 с. _d21 |
||
| 710 | 0 | 1 |
_aСССР _bГлавное управление рыбной промышленности Западного бассейна _3RU\NLR\AUTH\8810166663 _9829258 |
| 801 | 0 |
_aRU _bNLR _gpsbo |
|
| 801 | 1 |
_aRU _bELAR _2rusmarc |
|
| 852 |
_aNLR _jПт 66/475 |
||
| 942 | _cBOOK | ||
| 980 | _aNB | ||